| 000 | 00740nam a2200205 i 4500 | ||
|---|---|---|---|
| 001 | 64300 | ||
| 003 | ES-MaACL | ||
| 005 | 20230906165109.0 | ||
| 007 | t| | ||
| 008 | 031223s1963 sp ||||1| spa d | ||
| 245 | 0 | 3 |
_aEl libro becerro de la catedral de Oviedo / _cPedro Floriano Llorente. |
| 260 |
_aOviedo : _b[s.n.], _c1963. |
||
| 300 |
_a388 p. ; _c25 cm. |
||
| 500 | _aPrecede al tít.: Diputación de Oviedo. Instituto de Estudios Asturiano. | ||
| 651 |
_aCastilla (Reino)- _xHistoria- _y1369-1379, Enrique II. _97989 |
||
| 651 |
_aCastilla (Reino)- _xHistoria- _y1379-1390, Juan I. _97994 |
||
| 700 | 0 |
_aFloriano Llorente, Pedro. _951332 |
|
| 710 | 2 |
_aInstituto de Estudios Asturianos. _94889 |
|
| 852 |
_aES-MaACL _jC-24410 _bR.53244 |
||
| 999 |
_c64300 _d64300 |
||